000
00316nam a22001337a 4500
008
171005b xxu||||| |||| 00| 0 eng d
020
_a
9780135336137
041
_a
eng
080
_a
159.9
100
_a
49
101
_a
psi
245
_a
GENDER IN CROSS CULTURAL PERSPECTIVE
_c
BRETTEL.C.B
942
_2
udc
_c
BK
999
_c
32034
_d
32034